Fine Arts - Music | 0 | 7 | 0 | 0 | 70 | 82 | 111.29 | 0 | 0 |
Fine Arts - Painting | 1 | 2 | 0 | 0 | 35 | 33 | 78.00 | 1 | 1 |
History - American | 1 | 2 | 0 | 0 | 35 | 57 | 91.33 | 0 | 0 |
History - Cross, Historiography, and Miscellaneous | 1 | 2 | 0 | 0 | 35 | 61 | 67.33 | 0 | 0 |
Science - Chemistry | 0 | 3 | 0 | 0 | 30 | 89 | 98.00 | 0 | 0 |
Social Science - Linguistics | 0 | 2 | 0 | 0 | 20 | 88 | 97.00 | 0 | 0 |
Fine Arts - Opera | 0 | 2 | 0 | 0 | 20 | 93 | 104.00 | 0 | 0 |
Social Science - Psychology | 0 | 2 | 0 | 0 | 20 | 48 | 56.00 | 0 | 1 |
Science - Biology | 0 | 2 | 0 | 0 | 20 | 80 | 99.00 | 0 | 0 |
RMP - Philosophy | 0 | 2 | 0 | 0 | 20 | 112 | 114.00 | 0 | 0 |
RMP - Christian Practice | 1 | 0 | 0 | 0 | 15 | 27 | 27.00 | 1 | 1 |
Social Science - Sociology | 0 | 1 | 0 | 0 | 10 | 105 | 105.00 | 0 | 0 |
Current Events - World | 0 | 1 | 0 | 0 | 10 | 76 | 76.00 | 0 | 0 |
Fine Arts - Miscellaneous | 0 | 1 | 0 | 0 | 10 | 89 | 89.00 | 0 | 0 |
Fine Arts - Sculpture | 0 | 1 | 0 | 0 | 10 | 123 | 123.00 | 0 | 0 |
Literature - American | 0 | 1 | 0 | 0 | 10 | 104 | 104.00 | 0 | 0 |
Literature - British | 0 | 1 | 0 | 0 | 10 | 91 | 91.00 | 0 | 0 |
Literature - European | 0 | 1 | 0 | 0 | 10 | 130 | 130.00 | 0 | 0 |
Literature - World and Miscellaneous | 0 | 1 | 0 | 0 | 10 | 129 | 129.00 | 0 | 0 |
RMP - World Mythology | 0 | 1 | 0 | 0 | 10 | 101 | 101.00 | 0 | 0 |
Science - Computer Science | 0 | 1 | 0 | 0 | 10 | 103 | 103.00 | 0 | 0 |
Science - Earth | 0 | 1 | 0 | 0 | 10 | 79 | 79.00 | 0 | 0 |
Current Events - U.S. | 0 | 1 | 0 | 0 | 10 | 92 | 92.00 | 0 | 0 |
History - World | 0 | 0 | 0 | 0 | 0 | | 0.00 | 0 | 0 |
History - European | 0 | 0 | 0 | 0 | 0 | | 0.00 | 0 | 0 |
RMP - Jewish Practice | 0 | 0 | 0 | 0 | 0 | | 0.00 | 0 | 0 |
RMP - Greco-Roman Mythology | 0 | 0 | 0 | 0 | 0 | | 0.00 | 0 | 0 |
Fine Arts - Architecture | 0 | 0 | 0 | 0 | 0 | | 0.00 | 0 | 0 |
Other - Other Academic and General Knowledge | 0 | 0 | 0 | 0 | 0 | | 0.00 | 0 | 0 |